Velazquez et ses oeuvres / (Record no. 165789)
[ view plain ]
| 000 -LEADER | |
|---|---|
| campo de control de longitud fija | 00870nam a22002175i 4500 |
| 001 - NÚMERO DE CONTROL | |
| campo de control | 165789 |
| 003 - IDENTIFICADOR DE NÚMERO DE CONTROL | |
| campo de control | ES-MaACL |
| 005 - FECHA Y HORA DE LA ÚLTIMA TRANSACCIÓN | |
| campo de control | 20251014063242.0 |
| 008 - DATOS DE LONGITUD FIJA--INFORMACIÓN GENERAL | |
| campo de control de longitud fija | 960520s1865 fr a |||| | fre d |
| 040 ## - FUENTE DE CATALOGACIÓN | |
| Centro catalogador/agencia de origen | GA |
| Lengua de catalogación | spa |
| Centro/agencia transcriptor | CCPB | SIC |
| 100 1# - ENTRADA PRINCIPAL--NOMBRE DE PERSONA | |
| Nombre de persona | Stirling Maxwell, William, |
| Títulos y otros términos asociados al nombre | Sir, |
| Fechas asociadas al nombre | 1818-1878 |
| 9 (RLIN) | 129751 |
| 245 10 - MENCIÓN DEL TÍTULO | |
| Título | Velazquez et ses oeuvres / |
| Mención de responsabilidad, etc. | par William Stirling ; traduit de l´anglais par G. Brunet ; avec des notes et un catalogue des tableaux de Velazquez par W. Bürger. |
| 260 ## - PUBLICACIÓN, DISTRIBUCIÓN, ETC. | |
| Lugar de publicación, distribución, etc. | Paris : |
| Nombre del editor, distribuidor, etc. | Vve J. Renouard, libraire, |
| Fecha de publicación, distribución, etc. | 1865 ( |
| Fabricante | Typographie Hennuyer et fils) |
| 300 ## - DESCRIPCIÓN FÍSICA | |
| Extensión | VIII, 295, [12] p., [1] h. de lám. ; |
| Dimensiones | 23 cm. |
| 599 #1 - NOTA A LAS ILUSTRACIONES | |
| NOTA A LAS ILUSTRACIONES | La h. de lám. es grab. |
| 600 14 - PUNTO DE ACCESO ADICIONAL DE MATERIA--NOMBRE DE PERSONA | |
| Nombre de persona | Velázquez, Diego, |
| Fechas asociadas al nombre | 1599-1660 |
| 9 (RLIN) | 113793 |
| 700 0# - ENTRADA AGREGADA--NOMBRE PERSONAL | |
| Nombre de persona | Brunet, Georges. |
| 9 (RLIN) | 32157 |
| 852 ## - LOCALIZACIÓN | |
| Ubicación | ES-MaACL |
| Número de control de estantería | G-12777 |
| Nota libre | -- Enc. hol. |
| Estatus retirado | Estado de pérdida | Estado de daño | No para préstamo | Colección | Biblioteca de origen | Biblioteca actual | Ubicación en estantería | Fecha de adquisición | Fuente de adquisición | Total de préstamos | Signatura topográfica completa | Código de barras | Visto por última vez | Precio de reemplazo | Tipo de ítem Koha |
|---|---|---|---|---|---|---|---|---|---|---|---|---|---|---|---|
| Libros del s. XIX | Biblioteca del Ateneo de Madrid | Biblioteca del Ateneo de Madrid | Sala Pecera Planta 3 | 17/01/2008 | G-12777 | 1173867 | 23/02/2023 | 23/02/2023 | Libro impreso antiguo |
